Dong Thap university journal of science : Social Sciences and Humanities Issue Volume 14 - Number 3

This issue includes the following articles: Applying TDI index in assessing teacher development at public universities in the Mekong Delta ; TESOL graduates' views on the impacts and ethical aspects of ChatGPT in academic writing ; Impacts of social media on English language acquisition among E...

Descrizione completa

Salvato in:
Dettagli Bibliografici
Natura: Libro
Lingua:Vietnamese
English
Pubblicazione: Dong Thap Dong Thap university 2025
Soggetti:
Tags: Aggiungi Tag
Nessun Tag, puoi essere il primo ad aggiungerne! !
Thư viện lưu trữ: Thư viện Trường Đại học Nam Cần Thơ
LEADER 01186nam a22002177a 4500
001 NCT_4_022085
008 250531b xxu||||| |||| 00| 0 vie d
999 |c 9075  |d 9075 
022 |a 08667675 
041 0 |a eng 
082 0 4 |2 23rd ed.  |a 378  |b T109C 
245 0 0 |a Dong Thap university journal of science : Social Sciences and Humanities Issue  |n Volume 14 - Number 3   |c Dong Thap university 
260 |a Dong Thap  |b Dong Thap university  |c 2025 
300 |a 120 p.  |c 27 cm 
310 |a 2 issues per year 
362 |a 2025 
520 3 |a This issue includes the following articles: Applying TDI index in assessing teacher development at public universities in the Mekong Delta ; TESOL graduates' views on the impacts and ethical aspects of ChatGPT in academic writing ; Impacts of social media on English language acquisition among English-Majored students ; Teaching exponential function properties: Practical and experiential activities on smartphone... 
655 |a Tạp chí 
942 |2 ddc  |c CR 
952 |0 0  |1 0  |2 ddc  |4 0  |6 378_000000000000000_T109C  |7 0  |9 30892  |a 000001  |b 000001  |d 2025-05-31  |o 378 T109C  |r 2025-05-31  |w 2025-05-31  |y CR 
980 |a Thư viện Trường Đại học Nam Cần Thơ